Seguridad social en la Nueva España /

Obra sobre las instituciones de asistencia y previsión creadas en México durante el período colonial, con la finalidad de dar solución a problemas sociales y económicos de la población, con la intención de ofrecer información sistemática sobre sus operaciones y de destacar el trabajo y el esfuerzo d...

Fuld beskrivelse

Guardado en:
Bibliografiske detaljer
Hovedforfatter: Lamas, Adolfo (autor)
Format: Bog
Sprog:spansk
Udgivet: México : UNAM, Instituto de Investigaciones Sociales, 1964, c1964
Fag:
Tags: Tilføj Tag
Ingen Tags, Vær først til at tagge denne postø!

MARC

LEADER 00000nam^a2200000^a^4500
001 000186615
005 20250521000000.0
009 20260310102233.236
037 |a Acervo ITESO - Biblioteca 
041 |a ESP 
082 |a 972. 03  |b LAM 
100 |a Lamas, Adolfo  |e (autor) 
245 1 0 |a Seguridad social en la Nueva España /  |c A. Lamas. 
264 4 |a México :  |b UNAM, Instituto de Investigaciones Sociales,  |c 1964, c1964 
300 |a 273 p. 
336 |a texto  |b txt  |2 rdacontenido 
337 |a sin mediación  |b n  |2 rdamedio 
338 |a volumen  |b nc  |2 rdasoporte 
520 |a Obra sobre las instituciones de asistencia y previsión creadas en México durante el período colonial, con la finalidad de dar solución a problemas sociales y económicos de la población, con la intención de ofrecer información sistemática sobre sus operaciones y de destacar el trabajo y el esfuerzo de quienes actuaron con verdadera preocupación por la problemática a atender. Tras analizar la filosofía social en nuestro país en esa época, se revisa la labor de las cajas de comunidades indígenas, las cofradías, los pósitos y los montes de piedad. 
649 |a XX 
650 |a Cofradías -  |z México -  |x Historia -  |y Epoca Colonial, 1517-1821 
650 |a Cajas de Ahorro -  |z México -  |x Historia -  |y Epoca Colonial, 1517-1821 
650 |a Sociedades Mercantiles -  |z México -  |x Historia -  |y Epoca Colonial, 1517-1821 
650 |a Instituciones de Beneficencia -  |z México -  |x Historia -  |y Epoca Colonial, 1517-1821 
650 |a Iglesia Católica en México -  |x Historia -  |y Epoca Colonial, 1517-1821 
650 |a Iglesia y Problemas Sociales -  |z México -  |x Historia -  |y Epoca Colonial, 1517-1821 
650 |a Beneficencia -  |z México -  |x Historia -  |y Epoca Colonial, 1517-1821 
650 |a Asistencia Social -  |z México -  |x Historia -  |y Epoca Colonial, 1517-1821 
650 |a Asistencia Pública -  |z México -  |x Historia -  |y Epoca Colonial, 1517-1821 
650 |a Seguridad Social -  |z México -  |x Historia -  |y Epoca Colonial, 1517-1821 
650 |a Política Social -  |z México -  |x Historia -  |y Epoca Colonial, 1517-1821 
650 |a Economía -  |z México -  |x Historia -  |y Epoca Colonial, 1517-1821 
650 |a México -  |x Historia -  |y Epoca Colonial, 1517-1821 
910 |a Fondo General 
920 |a Impresos - Libros 
930 |a Colección General 
905 |a 101 
901 |a 0500128384  |b IT1  |c ACC  |u 20250521 
902 |a https://opac.biblio.iteso.mx/vufind/Record/000186615